Štatistická analýza výskytu chudobných domácností v SR na základe zisťovania EU SILC 2009

Gespeichert in:
Bibliographische Detailangaben
1. Verfasser: Hazuchová, Jana
Format: Buchkapitel
Sprache:Slowakisch
Schlagworte:
Tags: Tag hinzufügen
Keine Tags, Fügen Sie das erste Tag hinzu!

MARC

LEADER 00000naa$a2200000$$$4500
001 0145760
005 20240502072630.4
041 0 |a slo 
044 |a SK 
245 1 0 |a Štatistická analýza výskytu chudobných domácností v SR na základe zisťovania EU SILC 2009  |c Jana Hazuchová 
500 |a Abstrakt 
610 2 0 |a domácnosti 
610 2 0 |a chudobní 
610 2 0 |a Slovensko 
610 2 0 |a analýza štatistická 
610 2 0 |a regresia 
100 1 |a Hazuchová, Jana